Iskusstvo testirovanija programm

Salvato in:
Dettagli Bibliografici
Natura: Libro
Lingua:russo
Pubblicazione: Moskva Finansy i statistika 1982
Tags: Aggiungi Tag
Nessun Tag, puoi essere il primo ad aggiungerne!!

MARC

LEADER 00000nam a2200000 4500
001 c131515
005 20250722095118.1
041 0 |a rus 
044 |a RU 
245 1 0 |a Iskusstvo testirovanija programm  |c Glenford J. Myers 
264 1 |a Moskva  |b Finansy i statistika  |c 1982 
300 |a 175 s.